MARC

LEADER 00000nam0a2200000 4500
001 139509
005 20231031141753.0
029 1 0 |a RU  |b 125-77  |c МИ 
035 |a (RuTPU)RU\TPU\book\151135 
035 |a RU\TPU\book\151134 
090 |a 139509 
100 |a 20080608d1977 k a0rusy50 ca 
101 0 |a rus 
102 |a RU 
105 |a a l 000zy 
122 2 |a d2007121020  |a d2007121020 
200 1 |a Методика поверки аппаратов ультразвуковой терапии. МИ 125-77  |f Всесоюзный научно-исследовательский институт физико-технических и радиотехнических измерений (ВНИИФТРИ) 
205 |a Изд. офиц. 
210 |a Москва  |c Изд-во стандартов  |d 1977 
215 |a 11 с.  |c ил. 
229 |a Утверждена Научно-техническим советом ВНИИФТРИ 24 сентября 1976 г. 
610 1 |a МИ 
610 1 |a методика 
610 1 |a поверки 
610 1 |a операции 
610 1 |a средства 
610 1 |a условия 
610 1 |a схемы 
610 1 |a погрешности измерения 
610 1 |a метрологические параметры 
610 1 |a ультразвуковая терапия 
610 1 |a параметры 
675 |a 615(083)  |v 3 
712 0 2 |a Всесоюзный научно-исследовательский институт физико-технических и радиотехнических измерений (ВНИИФТРИ)  |2 stltpush  |3 (RuTPU)RU\TPU\col\12883 
801 1 |a RU  |b 63413507  |c 20080530  |g PSBO 
801 2 |a RU  |b 63413507  |c 20221207  |g PSBO 
942 |c BK